| 000 | 00345nam a2200133Ia 4500 | ||
|---|---|---|---|
| 008 | 150201s2012 xx 000 0 und d | ||
| 082 |
_a5.133 _bSAL |
||
| 100 | _aSalaria,R.S | ||
| 245 | _aApplication programming in c | ||
| 250 | _a4th Ed. | ||
| 260 |
_bKhanna Books Publishing Co. Ltd. _aN. Delhi _c2012 |
||
| 300 | _a516p. | ||
| 942 |
_2ddc _cBK _019 |
||
| 999 |
_c5489 _d5489 |
||